00658nam a22002177a 45000050016000000100014000160200026000300350013000560350013000690370013000820370053000950820014001481000018001622450045001802600034002252700046002593000025003055000034003306500035003646500041003992010080301521.0 aENG-97846 a9788120339743c225.00 aEN-81379 aB-428162 bDBAD/PUB bAllied/DE2010/CR/2777/16.3.11/280/4.3.11/30.3.11 a343.73099 aNeelamalar, M aMedia law and ethics /cby M. Neelamalar aNew DelhibPHI Learningc2010 aM-97, Connaught CircusbNew Delhie110001 axi,224p.c23cm (pbk) aIncludes references and index aMass Media - Law & Legislation aMass Media - Moral & ethical aspects